000
00301nam a22001337a 4500
008
170204b xxu||||| |||| 00| 0 alb d
020
_a
9992702079
041
_a
alb
080
_a
61
100
_a
3
101
_a
SHM
245
_a
ENDOKRINOLOGJIA DIABETOLOGJIA METABOLIZMI
_c
YLLI, A
942
_2
udc
_c
BK
999
_c
4614
_d
4614